书目信息 |
| 题名: |
冷冻方便食品加工技术及检验
|
|
| 作者: | 张文叶 主编 ;毛多斌 , 刘延奇 编 | |
| 分册: | ||
| 出版信息: | 北京 化学工业出版社 2005 |
|
| 页数: | 484页 | |
| 开本: | 20cm | |
| 丛书名: | ||
| 单 册: | ||
| 中图分类: | TS205.7 | |
| 科图分类: | ||
| 主题词: | 预制食品 , 食品加工 , 冷冻食品--预制食品--食品加工 | |
| 电子资源: | ||
| ISBN: | 7-5025-6488-8 | |
| 000 | 01065nam0 2200301 45 | |
| 001 | 0900000033755 | |
| 005 | 20051206143126.92 | |
| 010 | @a7-5025-6488-8@dCNY32.00 | |
| 092 | @aCN | |
| 100 | @a20050614d2005 ekmy0chiy0120 ea | |
| 101 | 0 | @achi |
| 102 | @aCN@b110000 | |
| 105 | @aak az 000yy | |
| 200 | 1 | @a冷冻方便食品加工技术及检验@9leng dong fang bian shi pin jia gong ji shu ji jian yan@f张文叶主编@Fzhang wen ye zhu bian@g毛多斌,刘延奇编 |
| 210 | @a北京@c化学工业出版社@d2005 | |
| 215 | @a484页@c图@d20cm | |
| 320 | @a有书目:第481-484页 | |
| 330 | @a本书从食品冷冻技术的基本原理出发,讲解了与食品冷冻有关的基本知识,包括各种速冻方便食品,如饺子、混沌、包子、汤圆以及冰激凌等的加工技术、质量控制措施和检验管理等方面的知识。 | |
| 606 | 0 | @a预制食品 |
| 606 | 0 | @a食品加工 |
| 606 | 0 | @a冷冻食品@x预制食品@x食品加工 |
| 690 | @aTS205.7@v4 | |
| 701 | 0 | @a张文叶@Azhang wen ye@4主编 |
| 702 | 0 | @a毛多斌@Amao duo bin@4编 |
| 702 | 0 | @a刘延奇@Aliu yan qi@4编 |
| 801 | 0 | @aCN@bCXYBOOK@c20051206 |
| 905 | @a10447@dTS205.7@e36 | |
| 999 | @aYYW@eJDD | |
| 冷冻方便食品加工技术及检验/张文叶主编/毛多斌,刘延奇编.-北京:化学工业出版社,2005 |
| 484页:图;20cm |
| ISBN 7-5025-6488-8:CNY32.00 |
| 本书从食品冷冻技术的基本原理出发,讲解了与食品冷冻有关的基本知识,包括各种速冻方便食品,如饺子、混沌、包子、汤圆以及冰激凌等的加工技术、质量控制措施和检验管理等方面的知识。 |
| ● |
| 相关链接 |
|
|
|
|
正题名:冷冻方便食品加工技术及检验
索取号:TS205.7/36
 
预约/预借
| 序号 | 登录号 | 条形码 | 馆藏地/架位号 | 状态 | 备注 |
| 1 | 0370415 | 203704152 | 第二样本阅览室/ [索取号:TS205.7/36] | 在馆 | |
| 2 | 0370416 | 203704161 | 第三借阅区/ [索取号:TS205.7/36] | 在馆 | |
| 3 | 0370417 | 203704170 | 第三借阅区/ [索取号:TS205.7/36] | 在馆 |